Countries by Number of Borders Blitz Quiz Stats

Quiz not verified by Sporcle

Challenge
Share
Tweet
Embed
Score 0/11 Timer 02:00
0 Plays Today
No. Borders Country... % Correct
14 BordersChina...
97.7%
1 BorderBrunei...
84.4%
2 BordersAndorra...
80.2%
10 BordersBrazil...
78.5%
9 BordersDem. Rep. Congo...
75.8%
3 BordersBosnia-Herzegovina...
67.8%
6 BordersAfghanistan...
61.5%
4 BordersAlbania...
58.8%
7 BordersAlgeria...
56.1%
5 BordersArgentina...
55.5%
8 BordersAustria...
49.3%

You're not logged in!

Compare scores with friends on all Sporcle quizzes.
Join for Free
OR
Log In

You Might Also Like...

Show Comments

Extras

Top Quizzes Today


Score Distribution

Your Account Isn't Verified!

In order to create a playlist on Sporcle, you need to verify the email address you used during registration. Go to your Sporcle Settings to finish the process.

Report this User

Report this user for behavior that violates our Community Guidelines.

Details: